Language Quiz

Random Language or Letter Quiz

4x3 Word Challenge Quiz Stats

Quiz Updated Feb 21, 2017

Also try: 3x3 Word Challenge
Challenge
Share
Tweet
Embed
Score 0/30 Timer 03:00
3 Plays Today
Pattern % Correct
_ P _ _???
92.7%
_ W _ _???
91.9%
_ T _ _???
89.6%
Z _ _ _???
87.4%
U _ _ _???
86.2%
_ C _ _???
85.3%
_ M _ _???
82.3%
_ G _ _???
79.6%
Q _ _ _???
79%
_ _ Z _???
75.4%
_ V _ _???
74.6%
_ X _ _???
74.2%
_ D _ _???
74%
_ B _ _???
73.9%
_ K _ _???
72.8%
Pattern % Correct
_ _ Y _???
68.1%
_ _ _ X???
56.6%
_ _ H _???
56.2%
_ _ _ C???
56.1%
_ S _ _???
55.9%
_ _ X _???
55.9%
_ _ _ U???
48.1%
_ F _ _???
48%
_ J _ _???
41.6%
_ _ _ Z???
40.4%
_ Q _ _???
38.3%
_ _ J _???
30.2%
_ Z _ _???
10.7%
_ _ _ J???
9.8%
_ _ _ V???
8.4%

You're not logged in!

Compare scores with friends on all Sporcle quizzes.
Sign Up with Email
OR
Log In

You Might Also Like...

Show Comments

Extras

Top Quizzes Today


Score Distribution

Your Account Isn't Verified!

In order to create a playlist on Sporcle, you need to verify the email address you used during registration. Go to your Sporcle Settings to finish the process.